| 000 | 00429nam a2200169Ia 4500 | ||
|---|---|---|---|
| 008 | 221030s9999 xx 000 0 und d | ||
| 020 | _a8187105615 | ||
| 041 | _aEnglish | ||
| 082 |
_a105.23 _bNor |
||
| 100 | _aP. Norton | ||
| 245 | 0 |
_aPeter Norton`s Guide to Java Programming _cby P. Norton, W. Stanek |
|
| 260 |
_bTechmedia _aNew Delhi _c1997 |
||
| 300 | _a875 | ||
| 650 | _aBE Computer | ||
| 700 | _aW. Stanek | ||
| 942 | _cBK | ||
| 999 |
_c7239 _d7239 |
||